Textbook of coronary care / (Record no. 4191)
[ view plain ]
| 000 -LEADER | |
|---|---|
| fixed length control field | 01078cam a22003132 4500 |
| 003 - CONTROL NUMBER IDENTIFIER | |
| control field | ALUPE UNIVERSITY COLLEGE |
| 005 - DATE AND TIME OF LATEST TRANSACTION | |
| control field | 20220318111425.0 |
| 008 - FIXED-LENGTH DATA ELEMENTS--GENERAL INFORMATION | |
| fixed length control field | 760817s1972 ne a b 001 0 eng d |
| 020 ## - INTERNATIONAL STANDARD BOOK NUMBER | |
| International Standard Book Number | 9021991632 |
| 040 ## - CATALOGING SOURCE | |
| Transcribing agency | ALUPE UNIVERSITY COLLEGE |
| 050 ## - LIBRARY OF CONGRESS CALL NUMBER | |
| Classification number | RC674 |
| Item number | .T48 1972 |
| 090 ## - LOCALLY ASSIGNED LC-TYPE CALL NUMBER (OCLC); LOCAL CALL NUMBER (RLIN) | |
| Classification number (OCLC) (R) ; Classification number, CALL (RLIN) (NR) | RC674 |
| Local cutter number (OCLC) ; Book number/undivided call number, CALL (RLIN) | .T48 1972 |
| 096 ## - LOCALLY ASSIGNED NLM-TYPE CALL NUMBER (OCLC) | |
| Classification number | WG 300 M528t 1972 |
| 245 00 - TITLE STATEMENT | |
| Title | Textbook of coronary care / |
| Statement of responsibility, etc. | editors, Lawrence E. Meltzer, Arend J. Dunning. |
| 260 ## - PUBLICATION, DISTRIBUTION, ETC. | |
| Place of publication, distribution, etc. | Amsterdam : |
| Name of publisher, distributor, etc. | Excerpta Medica, |
| Date of publication, distribution, etc. | 1972. |
| 300 ## - PHYSICAL DESCRIPTION | |
| Extent | xviii, 820 p. : |
| Other physical details | ill. ; |
| Dimensions | 25 cm. |
| 500 ## - GENERAL NOTE | |
| General note | Imprint covered by label: Charles Press Publishers, Bowie, Md. |
| 504 ## - BIBLIOGRAPHY, ETC. NOTE | |
| Bibliography, etc. note | Includes bibliographies and index. |
| 650 #0 - SUBJECT ADDED ENTRY--TOPICAL TERM | |
| Topical term or geographic name entry element | Cardiovascular system |
| General subdivision | Diseases |
| -- | Nursing |
| 650 #0 - SUBJECT ADDED ENTRY--TOPICAL TERM | |
| Topical term or geographic name entry element | Coronary care units. |
| 650 #2 - SUBJECT ADDED ENTRY--TOPICAL TERM | |
| Topical term or geographic name entry element | Arrhythmia |
| General subdivision | therapy |
| 650 #2 - SUBJECT ADDED ENTRY--TOPICAL TERM | |
| Topical term or geographic name entry element | Coronary Care Units |
| 650 #2 - SUBJECT ADDED ENTRY--TOPICAL TERM | |
| Topical term or geographic name entry element | Coronary Disease |
| General subdivision | therapy |
| 650 #2 - SUBJECT ADDED ENTRY--TOPICAL TERM | |
| Topical term or geographic name entry element | Myocardial Infarction |
| General subdivision | therapy. |
| 700 1# - ADDED ENTRY--PERSONAL NAME | |
| Personal name | Dunning, A. J. |
| 700 1# - ADDED ENTRY--PERSONAL NAME | |
| Personal name | Meltzer, Lawrence E. |
| 942 ## - ADDED ENTRY ELEMENTS (KOHA) | |
| Source of classification or shelving scheme | |
| Koha item type | Book |
| Suppress in OPAC | PW |
| Withdrawn status | Lost status | Source of classification or shelving scheme | Damaged status | Not for loan | Permanent Location | Current Location | Shelving location | Date acquired | Source of acquisition | Total Checkouts | Full call number | Barcode | Date last seen | Price effective from | Koha item type | Public note |
|---|---|---|---|---|---|---|---|---|---|---|---|---|---|---|---|---|
| AU LIBRARY | AU LIBRARY | Open Shelf | 18.03.2022 | DONATION FROM MOI UNIVERSITY | RC674 .T48 1972 | 28006055 | 18.03.2022 | 18.03.2022 | Book | PW |